"P" Capitals - World Map Sudden Death - Statistics

General Stats
  • This quiz has been taken 193 times
    176 since last reset
  • The average score is 5 of 11
Answers on the Grid
Answers color-coded by a green-red scale on the quiz's grid according to % correct below.
 
Answer Stats
Answer % Correct
Paris, Podgorica, Prague, Pristina
86%
Panama City, Paramaribo, Port of Spain, Port-au-Prince
77%
Pyongyang
66%
Phnom Penh
48%
Porto-Novo
43%
Pretoria
43%
Port Moresby
41%
Port Vila
39%
Praia
37%
Port Louis
37%
Palikir
13%
No matching quizzes found
Score Distribution
Percent of People with Each Score
Percentile by Number Answered
Your Score History
You have not taken this quiz since the last reset